000 00459nam a2200145 a 4500
001 000034111
005 20200930070802.0
008 110923s1993 dr ac 000 0 spa d
040 _aDO-SdBNP
_bspa
_cBNPHU
082 _axxxx
_bP397l
100 1 _aPeña, Dionicio de Jesús
_959544
245 1 3 _aLa fotografía :
_bun arte fácil de aprender /
_cDionicio de Jesús Peña.
260 _aSanto Domingo :
_bTele-3,
_c1993.
300 _a139 p. :
_bil., retrs. ;
_c21 cm.
999 _c33602
_d33602